000 00335nam a22001217a 4500
999 _c12947
_d12947
008 211228b ||||| |||| 00| 0 eng d
100 _91282
_aMuthuswamy, P.
245 1 0 _aPension rules made easy
260 _aNew Delhi:
_bSwamy Publications,
_cc
300 _ax
650 0 _aPublic Administration - India
_xPension Rules
942 _cBK